| 000 | 00719nam#a22002415a#4500 | ||
|---|---|---|---|
| 001 | 1357 | ||
| 008 | 100727s2009####ag#a###g#d####000#0#spa#d | ||
| 245 | 1 | 0 |
_aDiccionario de la lengua española / _cdirigido por Carlos Alberto Campos Salvá. |
| 250 | _a1ª ed. | ||
| 260 |
_aBuenos Aires : _bArte Gráfico Editorial, _c2009. |
||
| 300 |
_a6v. (863 p.) : _bfot. col. ; _c23 cm. |
||
| 490 | 0 |
_aBiblioteca Activa Visor ; _vno. 5 |
|
| 020 | _a9789875227361 | ||
| 100 | 1 |
_aCampos Salvá, Carlos Alberto., _edirector. _4drt |
|
| 080 | _a806(038) | ||
| 084 | _aC22 S18 | ||
| 653 | _aDiccionarios | ||
| 653 | _aEspañol [idioma] | ||
| 040 |
_aAR-ClEAG _cAR-ClEAG |
||
| 005 | 20241107184706.0 | ||
| 003 | AR-ClEAG | ||
| 942 | _cBK | ||
| 999 |
_c1357 _d1357 |
||
| 980 |
_62 _aEvangelina Gallicchio _82 _gEvangelina Gallicchio |
||